LEADER 00874nam0-22002771i-450- 001 990001047400403321 010 $a90-277-1617-X 035 $a000104740 035 $aFED01000104740 035 $a(Aleph)000104740FED01 035 $a000104740 100 $a20000920d1984----km-y0itay50------ba 101 0 $aeng 200 1 $aStochastic Quantum Mechanics and Quantum Spacetime$eA Consistent Unification of Relativity and Quantum Theory Based on Stochastic Spaces$fby Eduard Prugovecki 210 $aDordrecht (NL)$cReidel$d1984 610 0 $aMeccanica quantistica 676 $a530.12 700 1$aPrugovecki,$bEduard$040452 801 0$aIT$bUNINA$gRICA$2UNIMARC 901 $aBK 912 $a990001047400403321 952 $a22-173$b14246$fFI1 959 $aFI1 996 $aStochastic quantum mechanics and quantum spacetime$9191143 997 $aUNINA DB $aING01 LEADER 01096nam a22002891i 4500 001 991002458159707536 005 20040319133642.0 008 040407s1951 fr a||||||||||||||||fre 035 $ab12925834-39ule_inst 035 $aARCHE-090544$9ExL 040 $aDip.to Scienze Storiche$bita$cA.t.i. Arché s.c.r.l. Pandora Sicilia s.r.l. 082 04$a919.82 100 1 $aVictor, Paul Émile$0197214 245 10$aGroenland, 1948-1949 /$cPaul-Émile Victor ; 90 photographies en noir et en couleurs de J.J. Languepin, Marcel Ichac, Jacques Masson 260 $aParis ;$aGrenoble :$bArthaud,$c1951 300 $a47 p. :$bill. ;$c25 cm 440 0$aSempervivum 651 4$aGroenlandia 700 1 $aLanguepin, Jean Jacques 700 1 $aIchac, Marcel 700 1 $aMasson, Jacques 907 $a.b12925834$b02-04-14$c16-04-04 912 $a991002458159707536 945 $aLE009 GEOG.20-26$g1$i2009000344266$lle009$o-$pE0.00$q-$rl$s- $t0$u0$v0$w0$x0$y.i13499002$z16-04-04 996 $aGroenland, 1948-1949$9304440 997 $aUNISALENTO 998 $ale009$b16-04-04$cm$da $e-$ffre$gfr $h0$i1